|
|
|
|
| LEADER |
00000nam0a2200000 4500 |
| 001 |
231859 |
| 005 |
20231101231124.0 |
| 035 |
|
|
|a (RuTPU)RU\TPU\book\252888
|
| 090 |
|
|
|a 231859
|
| 100 |
|
|
|a 20130206d1953 k y0rusy50 ca
|
| 101 |
0 |
|
|a rus
|
| 102 |
|
|
|a RU
|
| 105 |
|
|
|a a z 001zy
|
| 200 |
1 |
|
|a Труды морского гидрофизического института
|e сборник статей
|h Т. 3
|f Академия наук СССР (АН СССР) ; под ред. В. В. Шулейкина
|
| 210 |
|
|
|a Москва
|c Изд-во АН СССР
|d 1953
|
| 215 |
|
|
|a 127 с.
|c ил.
|
| 317 |
|
|
|5 63413507: КР-958
|a Поступила в НТБ в 2004 г. в составе книжного собрания профессора ТПИ К. В. Радугина.
|
| 320 |
|
|
|a Библиогр. в конце ст.
|
| 606 |
1 |
|
|a Гидрофизика
|x (геология)
|2 stltpush
|3 (RuTPU)RU\TPU\subj\66127
|9 82356
|
| 610 |
1 |
|
|a вода
|
| 610 |
1 |
|
|a поверхностные волны
|
| 610 |
1 |
|
|a ветровые волны
|
| 610 |
1 |
|
|a циркуляция
|
| 610 |
1 |
|
|a мутные среды
|
| 610 |
1 |
|
|a течения
|
| 610 |
1 |
|
|a тепловой режим
|
| 610 |
1 |
|
|a радиация
|
| 610 |
1 |
|
|a южные моря
|
| 610 |
1 |
|
|a библиотека К. В. Радугина
|
| 675 |
|
|
|a 556:550.3
|v 3
|
| 702 |
|
1 |
|a Шулейкин
|b В. В.
|c российский геофизик
|c академик АН СССР (1946)
|f 1895-1979
|g Василий Владимирович
|2 stltpush
|3 (RuTPU)RU\TPU\pers\15075
|4 340
|9 5164
|
| 712 |
0 |
2 |
|a Академия наук СССР (АН СССР)
|2 stltpush
|3 (RuTPU)RU\TPU\col\722
|
| 801 |
|
1 |
|a RU
|b 63413507
|c 20130206
|
| 801 |
|
2 |
|a RU
|b 63413507
|c 20130806
|g RCR
|
| 942 |
|
|
|c BK
|